000 01970nam a2200421 c 4500
999 _c87402
_d87402
003 BLK
005 20200311122025.0
008 180408b bul|||||r ||||||| ||bul||
010 _aKNG00092038000
020 _a978-954-487-077-5
040 _aBLK
041 _aBUL
_cBUL
080 _aСоциални изследвания на жени. Жените и обществото
_b305-055.2
_x(497.2=914.99):316
_z305-055.2(497.2=914.99):316
080 _aНрави и обичаи на примитивни народи. Номади, цигани, особени племена и раси
_b397
_x(497.2)
_z397(497.2)
100 1 _aИванова, Евгения Иванова
_eпърви автор
_9291825
139 _aИванова, Евгения Иванова и др
_bИ 22
245 1 0 _aРомската жена - пространства и граници в живота й
_cЕвгения Иванова Иванова; съавт. Велчо Маринов Кръстев.
257 _aBGR
260 _bЛитера принт
_c2008
300 _a304 с.
_bс портр., ил.
_c24 см
380 _a3
500 _aБиблиогр. с. 292-302 ; Рез. на англ. ез.
504 _a292-302
650 4 _aЖени - България - социологични проблеми
_9247159
650 4 _aРоми - България
_9272990
650 4 _aНародни обичаи и обреди, ромски - България
_9283794
653 _aжени
653 _aроми
653 _aнародни обичаи
653 _aсоциални проблеми
653 _aБългария
700 1 _aКръстев, Велчо Маринов
_eсъавт.
_9302713
852 _aЦб 245726
856 4 _qpdf
856 4 _qpdf
942 _cKNG
_n0
_s1
944 _aCR
_c16.10.2009
_kВаля_Йорданова
944 _aED
_c16.10.2009
999 _d87402
999 _d87402